Cases in leadership (Record no. 937)

MARC details
000 -LEADER
fixed length control field 00417 a2200169 4500
001 - CONTROL NUMBER
control field 066946
003 - CONTROL NUMBER IDENTIFIER
control field OSt
005 - DATE AND TIME OF LATEST TRANSACTION
control field 20211022114741.0
008 - FIXED-LENGTH DATA ELEMENTS--GENERAL INFORMATION
fixed length control field
082 ## - DEWEY DECIMAL CLASSIFICATION NUMBER
Classification number 658.4092
Item number R79C
100 1# - MAIN ENTRY--PERSONAL NAME
Personal name Rowe, Glenn W.
245 1# - TITLE STATEMENT
Title Cases in leadership
Statement of responsibility, etc by Glenn W. Rowe
260 ## - PUBLICATION, DISTRIBUTION, ETC. (IMPRINT)
Place of publication, distribution, etc London
Name of publisher, distributor, etc Sage Publications
Date of publication, distribution, etc 2009
300 ## - PHYSICAL DESCRIPTION
Extent 421p.
690 ## - LOCAL SUBJECT ADDED ENTRY--TOPICAL TERM (OCLC, RLIN)
Topical term or geographic name as entry element Leadership; Management
942 ## - ADDED ENTRY ELEMENTS (KOHA)
Source of classification or shelving scheme Dewey Decimal Classification
Koha item type Books
Holdings
Withdrawn status Lost status Source of classification or shelving scheme Damaged status Not for loan Collection code Home library Current library Date acquired Source of acquisition Cost, normal purchase price Full call number Barcode Date last seen Price effective from Koha item type
    Dewey Decimal Classification     General Text Book Central University Of Rajasthan Central University Of Rajasthan 07/03/2012 MGM 495.00 658.4092 R79C 1232 21/11/2024 02/09/2020 Books